| 000 | 01189cam a2200373 a 4500 | ||
|---|---|---|---|
| 001 | 17066560 | ||
| 003 | OSt | ||
| 005 | 20180116183107.0 | ||
| 008 | 111202s2013 ohua b 001 0 eng | ||
| 010 | _a 2011944636 | ||
| 020 | _a9781111821227 (pbk.) | ||
| 020 | _a1111821224 (pbk.) | ||
| 020 | _a9781111821234 (student ed.) | ||
| 020 | _a1111821232 (student ed.) | ||
| 040 |
_aDLC _cDLC |
||
| 042 | _apcc | ||
| 050 | 0 | 0 |
_aHF5718.3 _b.G84 2013 |
| 082 | _a808.06665 | ||
| 100 | 1 | _aGuffey, Mary Ellen. | |
| 245 | 1 | 0 |
_aEssentials of business communication . _cMary Ellen Guffey, Dana Loewy. |
| 250 | _a9th ed. | ||
| 260 |
_aMason, OH : _bSouth-Western Cengage Learning, _c2013. |
||
| 300 |
_a1 v. (various pagings ) : _bill. ; _c28 cm. |
||
| 500 | _aPaper Cover | ||
| 504 | _aIncludes bibliographical references and index. | ||
| 600 | _aGuffey, Mary Ellen. | ||
| 650 | 0 | _aBusiness writing. | |
| 650 | 0 |
_aEnglish language _xBusiness English. |
|
| 650 | 0 | _aBusiness communication. | |
| 700 | 1 | _aLoewy, Dana. | |
| 906 |
_a7 _bcbc _corignew _d3 _eepcn _f20 _gy-gencatlg |
||
| 942 |
_2ddc _cBK _k808.06665 |
||
| 999 |
_c352088 _d352088 |
||